00437nam a2200157Ia 4500003000400000008004100004040001600045082001700061100002100078245007900099700001700178260004700195300001000242650001500252650001200267GCL140319s9999 xx 000 0 eng d aGCL / cGCL04a895.635bI B1 aIKENAMI, SHOTARO10aBRIDGE OF DARKNESS: THE RETURN OF THE MASTER ASSASSIN / cIKENAMI, SHOTARO1 aFREW , GAVIN a[S.N] : bKODANSHA INTERNATIONAL ، c1993 a188 P04aLITERATURE04aFICTION